L'urbanisme a la portée de tous / (Record no. 125864)

MARC details
000 -LEADER
campo de control de longitud fija 00506nam a2200169 4500
001 - NÚMERO DE CONTROL
campo de control 125864
003 - IDENTIFICADOR DE NÚMERO DE CONTROL
campo de control ES-MaACL
007 - CAMPO FIJO DE DESCRIPCIÓN FÍSICA--INFORMACIÓN GENERAL
campo de control de longitud fija t|
008 - DATOS DE LONGITUD FIJA--INFORMACIÓN GENERAL
campo de control de longitud fija 070214s1938 fr r ||||1| fre d
100 1# - ENTRADA PRINCIPAL--NOMBRE DE PERSONA
Nombre de persona Raymond, Jean.
9 (RLIN) 95632
245 12 - MENCIÓN DEL TÍTULO
Título L'urbanisme a la portée de tous /
Mención de responsabilidad, etc. Jean Raymond ; préface de R. Dautry.
250 ## - MENCION DE EDICION
Mención de edición 2ª. ed.
260 ## - PUBLICACIÓN, DISTRIBUCIÓN, ETC.
Lugar de publicación, distribución, etc. Chartres :
Nombre del editor, distribuidor, etc. [s.n.],
Fecha de publicación, distribución, etc. 1938 (
Fabricante Imp. Laíné et Tautet)
300 ## - DESCRIPCIÓN FÍSICA
Extensión VII, 181 p. ;
Dimensiones 21 cm.
700 1# - ENTRADA AGREGADA--NOMBRE PERSONAL
Nombre de persona Dautry, R.
9 (RLIN) 42840
852 ## - LOCALIZACIÓN
Ubicación ES-MaACL
Número de control de estantería B-9126
Sublocalización o colección R.18697
Holdings
Estatus retirado Estado de pérdida Estado de daño No para préstamo Biblioteca de origen Biblioteca actual Ubicación en estantería Fecha de adquisición Fuente de adquisición Total de préstamos Signatura topográfica completa Código de barras Visto por última vez Precio de reemplazo Tipo de ítem Koha
        Biblioteca del Ateneo de Madrid Biblioteca del Ateneo de Madrid Sala Pardo Bazán 17/01/2008     B-9126 1131110 23/02/2023 23/02/2023 Libro impreso